Responses for Show #8179 - Thursday, March 12, 2020

Contestants

[<< previous game]

Waseem Daher, a start-up founder from San Francisco, California

Dewi Harjanto, a computational biologist from Boston, Massachusetts

Jessica Babbitt, a personal stylist from Austin, Texas (whose 1-day cash winnings total $23,398)

[next game >>]

Jeopardy! Round responses

REPORT CARDS OF HISTORICAL FIGURES
TV TALK
FOOD & DRINK IN THE BIBLE
CURRENT BRITISH ROYALS
THIS & THAT
ANAGRAMS OF LEAST
    $200 16
Martin Luther King

Jessica
    $200 22
(Dewi: What is [**]?)
(Alex: No.)
(Dewi: Like audience numbers?)
(Alex: I think we're going to accept that. We were going for [*], but you gave us what [*] are all about--[**].)

*ratings (**viewership)

Dewi
    $200 21
milk and honey

Jessica
    $200 1
Kate Middleton

Jessica
    $200 6
45

Dewi
    $200 12
a slate

Dewi
    $400 17
Salk

Dewi
    $400 23
a satellite

Jessica
    $400 27
locusts

Triple Stumper
    $400 2
Meghan Markle

Jessica
    $400 7
bus

Jessica
    $400 13
steal

Waseem
    $600 18
(Stephen) Hawking

Waseem
    $600 24
(Alex: That's Johnny Gilbert.)

a voiceover

Waseem
    $600 28
Mount Sinai

Dewi
    $600 3
(Jessica: Who is Prince Philip?)
(Dewi: Who is Prince Andrew?)

Prince Charles

JessicaDewi
Triple Stumper
    $600 8
Circus Circus

Dewi
    $600 14
tales

Dewi
    $800 19
Hamilton

Waseem
    $800 25
a pilot

Jessica
    $2,000 29
daily bread

Dewi
    $800 4
Prince William

Jessica
    $800 9
the Tower of London

Jessica
    $800 15
a stela

Dewi
    $1000 20
(George) Marshall

Waseem
    $1000 26
cord cutting

Jessica
    $1000 30
manna

Dewi
    $1000 5
Princess Anne

Jessica
    $1000 10
the Magna Carta

Dewi
    $1000 11
tesla

Triple Stumper

Scores at the first commercial break (after clue 15):

Jessica Dewi Waseem
$3,000 $2,800 $400

Scores at the end of the Jeopardy! Round:

Jessica Dewi Waseem
$5,600 $7,000 $3,400

Double Jeopardy! Round responses

DEFENDING THEMSELVES IN COURT
SCIENCE
BEFORE & AFTER
MALE WRITERS
DIVING
A CASE OF THE BENDS
    $400 8
the House of Representatives

Waseem
    $400 6
a solid

Dewi
    $400 5
Patrick Henry Winkler

Waseem
    $400 12
E.B. White

Dewi
    $400 21
Oregon

Waseem
    $800 10
Yugoslavia

Jessica
    $800 7
gamma rays

Jessica
    $800 2
(Waseem: [*]. What is [*]?)

All's Well That Ends Well Done

Waseem
    $800 13
One Hundred Years of Solitude

Dewi
    $4,000 24
(Waseem: What is angler?)
...
(Alex: Hurry, though; we've got time.)

the pike

Waseem
    $1200 11
(Alex: It was unanimous. [*].)

9-0

Triple Stumper
    $1200 18
(Dewi: What is Triassic?)

Tertiary

Dewi
Triple Stumper
    $1200 1
(Waseem: Slant eye exam. What is slant eye exam?)

a side eye exam

DewiWaseem
    $1200 14
(Thomas) Harris

Dewi
    $1200 22
St. Louis

Triple Stumper
    $1200 27
[The end-of-round signal sounds.]

Horseshoe Bend

Jessica
    $1600 19
Lenny Bruce

Jessica
    $1600 9
the corona

Jessica
    $1600 3
the Book of the Dead Poets Society

Dewi
    $1600 15
(Dewi: Who is Michener?)
...
(Alex: Who is [*]? The creator of Tarzan.)

Edgar Rice Burroughs

Dewi
Triple Stumper
    $1600 23
Greg Louganis

Triple Stumper
    $4,200 26
(Alex: Hurry.)
(Waseem: What is... Dog Desert?)
...
(Alex: Quick! Pick another clue.)

the Chihuahua

Waseem
    $2000 20
wire-tapping

Dewi
    $2000 17
gymnosperms

Waseem
    $2000 4
William Jennings Bryan Cranston

Waseem
    $2000 16
Easy Rawlins

Triple Stumper
    $2000 25
Fond du Lac

Triple Stumper

Scores at the end of the Double Jeopardy! Round:

Jessica Dewi Waseem
$11,600 $11,800 $0

[wagering suggestions for these scores]

Final Jeopardy! Round responses

ACTORS
JessicaWho is Dick van Dyke
$11,600
DewiWho is Sean Connery?
$11,401
Dick Van Dyke

Final scores:

Jessica Dewi Waseem
$23,200 $399 $0
2-day champion: $46,598 2nd place: $2,000 3rd place: $1,000

Game dynamics:

Coryat scores:

Jessica Dewi Waseem
$11,600 $10,600 $8,200
16 R,
1 W
18 R
(including 1 DD),
3 W
11 R,
3 W
(including 2 DDs)

Combined Coryat: $30,400

[game clues] [game scores] [suggest correction]

Game tape date: 2020-01-14
The J! Archive is created by fans, for fans. Scraping, republication, monetization, and malicious use prohibited; this site may use cookies and collect identifying information. See terms. The Jeopardy! game show and all elements thereof, including but not limited to copyright and trademark thereto, are the property of Jeopardy Productions, Inc. and are protected under law. This website is not affiliated with, sponsored by, or operated by Jeopardy Productions, Inc. Join the discussion at JBoard.tv.